000 01095cab a2200253 4500
001 ABS49335
008 090401t1993 xxu||||| |||| 00| 0 eng d
035 _a(Sirsi) u70951
041 _aeng
245 _aFast track transfers
260 _c1993
350 _a0
490 _aHousing
_v29(8) October 1993, 19-31(8)
520 _aReviews the progress of the 13 local authorities transferring housing housing stock to housing associations, assesses the funding implications of housing associations setting up group structures for Large Scale Voluntary Transfer (LSVT), looks at the involvement of private sector finance and the question of tenants` rights after transfer from local authority to private landlords in Scotland. Concludes with comments on how local authorities should split their stock on voluntary transfer.
650 _aHOUSING ASSOCIATIONS
650 _aHOUSING STOCK
650 _aLOCAL AUTHORITIES
650 _aPRIVATE FINANCE
650 _aTRANSFER
650 _aVOLUNTARY TRANSFER
690 _aBlock management
_96220
942 _n0
948 _c04/03/1997
999 _c44700
_d44700